000 00928nas a2200277 4500
001 BR0705779
003 BR-BrBNA
005 20231205111159.0
007 ta
008 230509b bl.|||p| |||| 00| 00por d
040 _aBR-BrBNA
_bpor
_cBiblioteca Nacional de Agricultura
041 _a(Pt)
072 _aL73
100 1 _aCôrtes, V. de A.
100 1 _aSouza, J.V.L. de
100 1 _aMiguel, O.
100 1 _aCôrtez, J. de A.
245 1 _aObservações sobre a ocorrência do vírus da febre aftosa na mucosa do esôfago de bovinos vacinados procedentes de áreas endêmicas
650 _aDOENÇA ANIMAL
650 _aAFTOSA
650 _aBOVINO
650 _aESÔFAGO
773 0 _tRevista da Faculdade de Medicina Veterinária e Zootecnia da Universidade de São Paulo (Brazil)
_xISSN 0303-7525
_g(1977), v. 14(1) p. 129-132
_wBR0705779
909 _a202311
_bLúcia
_c55
_dLúcia Elande
942 _2AGRIS
_n0
_cANA
999 _c191174
_d191174